A description of Read's patent syringe or Stomach Pump and lavement apparatus ... (Record no. 163005)

MARC details
000 -LEADER
campo de control de longitud fija 00808nam a2200181 i 4500
001 - NÚMERO DE CONTROL
campo de control 163005
003 - IDENTIFICADOR DE NÚMERO DE CONTROL
campo de control ES-MaACL
005 - FECHA Y HORA DE LA ÚLTIMA TRANSACCIÓN
campo de control 20230906212639.0
008 - DATOS DE LONGITUD FIJA--INFORMACIÓN GENERAL
campo de control de longitud fija 050711q1830 xxka | |||||||| ||eng d
040 ## - FUENTE DE CATALOGACIÓN
Centro catalogador/agencia de origen CAM
Lengua de catalogación spa
Centro/agencia transcriptor CAM
100 1# - ENTRADA PRINCIPAL--NOMBRE DE PERSONA
Nombre de persona Read, John.
9 (RLIN) 95669
245 10 - MENCIÓN DEL TÍTULO
Título A description of Read's patent syringe or Stomach Pump and lavement apparatus ...
Resto del título : containing also testimonials of its superior utility ... /
Mención de responsabilidad, etc. by John Read.
260 ## - PUBLICACIÓN, DISTRIBUCIÓN, ETC.
Lugar de publicación, distribución, etc. London :
Nombre del editor, distribuidor, etc. [s.n.,
Fecha de publicación, distribución, etc. s.a.] (
Fabricante printed by W. Glendinning)
300 ## - DESCRIPCIÓN FÍSICA
Extensión 28 p., [4] h. :
Otras características físicas il. ;
Dimensiones 22 cm.
505 8# - NOTA DE CONTENIDO CON FORMATO
Nota de contenido con formato Las [4] h. corresponden a: "Testimonial of the superiority of Read's Patent stomach pump", donde consta la fecha 1830
650 #4 - PUNTO DE ACCESO ADICIONAL DE MATERIA--TÉRMINO DE MATERIA
Término de materia o nombre geográfico como elemento de entrada Medicina-
Subdivisión general Material y equipo.
9 (RLIN) 152803
852 ## - LOCALIZACIÓN
Ubicación ES-MaACL
Número de control de estantería R-1367(9)
Nota libre -- Enc. hol.
-- .- Donat. Mateo Seoane
Holdings
Estatus retirado Estado de pérdida Estado de daño No para préstamo Biblioteca de origen Biblioteca actual Ubicación en estantería Fecha de adquisición Fuente de adquisición Total de préstamos Signatura topográfica completa Código de barras Visto por última vez Precio de reemplazo Tipo de ítem Koha
        Biblioteca del Ateneo de Madrid Biblioteca del Ateneo de Madrid Depósito 17/01/2008     R-1367(9) 1170786 23/02/2023 23/02/2023 Libro impreso